000 00628nam a2200121Ia 4500
008 220620s9999||||xx |||||||||||||| ||und||
100 _aRoy, Dayabati
245 0 _aEmployment, Poverty and Rights in India
546 _aEnglish[eng]
650 _aIndia||West Bengal||economic development||employment||poverty||rights||law||economy||South Asian Studies||neo-liberalism||poverty studies||social anthropology||sociology||development studies||policy||New Rights Agenda||front||grass||left||peasant||roots||rural||small||west
856 _uhttps://library.oapen.org/bitstream/20.500.12657/22816/1/9781138479586_text.pdf
942 _cEB
999 _c21426
_d21426